CUBErt Lyrics - Statistics

General Stats
  • This quiz has been taken 5 times
  • The average score is 9 of 14
Answer Stats
Lyrics % Correct
A {fallen} ruby
100%
Guest {vibrations}
100%
{Humans} everywhere, canned
100%
A {pyramid} mind fuck
75%
Don't leave {your} {seats} now
75%
Don't leave {your} {seats} now
75%
I want {to} {be}
75%
{Popcorn} everywhere, canned
75%
Cliché people cannot {dare}
50%
Cliché people {organs} {rare}
50%
{Corn} everywhere, canned
50%
{Dare}
50%
Defaced {street} {lights}
25%
Pre-flight {delight}
25%
No matching quizzes found
Score Distribution
Percent of People with Each Score
Percentile by Number Answered
Your Score History
You have not taken this quiz